00621cam a22002291 4500001001300000003000400013005001700017008004100034010001700075035002000092040001700112042001200129050001700141100002400158245004600182260003300228300003600261500002400297700003200321752002100353999001700374he 66001927 DLC20260227111442.0840430s1965 is j 000 0 heb  ahe 66001927  a(OCoLC)19154085 aDLCcMHdDLC apremarc00aPZ90.H3bY432 aYellin-Kalai, Yona.10aHineh ani /ctsiyrah Yehudit Yelin Ginat. aTel Aviv :bMasadah,c[1965] a26 p. :bcol. ill. ;c22x25 cm. aPoems for children.2 aYelin-Ginat, Yehudit,eill. aIsraeldTel Aviv c32037d32037